| 000 | 00477nam a2200193Ia 4500 | ||
|---|---|---|---|
| 005 | 20240823045302.0 | ||
| 008 | 240823s9999||||xx |||||||||||||| ||und|| | ||
| 020 | _a81-225-0203-2 | ||
| 041 | _aENGLISH | ||
| 082 | _A345.4029 P0 | ||
| 100 | _aPardeep Sachdeva | ||
| 245 | 0 | _aUrban Local Government and Administration in India | |
| 250 | _a3rd | ||
| 260 |
_c2000 _b"Kitab Mahal,Ala" |
||
| 500 | _aYES | ||
| 650 |
_aUrban Local _bGeneral |
||
| 942 | _cBK | ||
| 999 |
_c214603 _d214603 |
||